| 000 | 00628nam a2200241Ia 4500 | ||
|---|---|---|---|
| 008 | 160303s9999 xx 000 0 und d | ||
| 020 | _a971--08-7042-4 | ||
| 050 | _aFIL G 155 | ||
| 050 | _b.A1C78 2011 c.3 | ||
| 100 | _aCruz, Zenaida Lansangan - | ||
| 245 | _aTourism : | ||
| 245 | _bplanning and development / | ||
| 245 | _cZenaida Lansangan Cruz. | ||
| 260 | _aMandaluyong: | ||
| 260 | _bNational Book Store, | ||
| 260 | _c2011 | ||
| 300 | _a146 pages : | ||
| 300 | _billustrations ; | ||
| 300 | _c23 cm. | ||
| 500 | _aIncludes bibliographical references. | ||
| 650 | _aTourism -- | ||
| 650 | _xPlanning. | ||
| 999 |
_c291402 _d291402 |
||